| 000 | 00535cam a2200217 4500 | ||
|---|---|---|---|
| 001 | 3181651 | ||
| 005 | 20180302072558.0 | ||
| 008 | 710802s1971 pauab b 001 0 eng | ||
| 010 | _a 76081826 | ||
| 020 | _a0721669417 | ||
| 040 |
_aDLC _cDLC _dDLC |
||
| 041 | _aeng | ||
| 080 | _a574.5 | ||
| 082 | 0 | 0 | _a574.5 ODU |
| 100 | 1 | _a9 | |
| 101 | _aMJE | ||
| 245 | 1 | 0 |
_aFundamentals of ecology _c[by] Eugene P. Odum. |
| 504 | _aBibliography: p. 517-555. | ||
| 906 |
_a7 _bcbc _corignew _d2 _eopcn _f19 _gy-gencatlg |
||
| 942 |
_2ddc _cBK |
||
| 999 |
_c44047 _d44047 |
||